002420000a220007300045001000023000002450071000233000047000947730027001411 aMing Ng, Peter Tze10aHistorical archives in chinese christian colleges from before 1949 aVol. 20, Núm 3 (1996), Páginas 106-1080 tInternational Bulletin